[Event "It \"]
[Site "masterchessopen.com – Philadelphia (USA)"]
[Round "3"]
[White "Siegel Noah J (USA)"]
[Black "Inocencio Edgarlino S (USA)"]
[Result "1-0"]
[WhiteElo "2240"]
[BlackElo "2136"]

1.d4 Nf6 2.c4 e6 3.Nf3 b6 4.e3 Bb7 5.Bd3 Be7 6.O-O O-O 7.Nc3 d5 8.b3 Nbd7
9.Qe2 c5 10.Rd1 Qc7 11.Bb2 Rfd8 12.Rac1 Rac8 13.cxd5 exd5 14.Bf5 g6 15.Bh3 Ra8
16.Ne5 Nf8 17.Qf3 a6 18.Qf4 Qb8 19.Na4 cxd4 20.Bxd4 b5 21.Nb6 Ra7 22.Nbd7
N8xd7 23.Nxd7 Nxd7 24.Qxb8 {#r} 1-0

[Event "Ch Slovakia"]
[Site "masterchessopen.com – Prievidza (Slovakia)"]
[Round "3"]
[White "Certek Pavel (SVK)"]
[Black "Berzinsh Roland (LAT)"]
[Result "0-1"]
[WhiteElo "2322"]
[BlackElo "2445"]

1.d4 Nf6 2.c4 e6 3.Nf3 b6 4.e3 Bb7 5.Bd3 d5 6.O-O Bd6 7.Nc3 O-O 8.b3 a6 9.Bb2
Nbd7 10.Qe2 Ne4 11.Rad1 f5 12.a4 Rf6 13.g3 Rh6 14.cxd5 exd5 15.Ne1 Ndf6 16.f4
Ng4 17.Nf3 Qe7 18.Rc1 Re8 19.Nd1 Qf6 20.Rc2 Rh3 21.Qg2 Qh6 22.Re1 Re6 23.Bf1
Nxh2 24.Qxh3 Nxf3+ 25.Kh1 Nxg3+ {#R} 0-1

[Event "It (open)"]
[Site "masterchessopen.com – Santiago (Chile)"]
[Round "5"]
[White "Ahumada Cristian (CHI)"]
[Black "Ortega Renato (CHI)"]
[Result "1-0"]
[WhiteElo "2045"]
[BlackElo "2034"]

1.d4 Nf6 2.Nf3 e6 3.c4 b6 4.e3 Bb7 5.Bd3 d5 6.cxd5 Bxd5 7.Nc3 Bb7 8.O-O Be7
9.e4 O-O 10.Re1 Nbd7 11.Qc2 h6 12.Qe2 c5 13.e5 Nh7 14.d5 exd5 15.e6 Ndf6
16.exf7+ Rxf7 17.Bg6 Bd6 18.Qe6 Qf8 19.Bxf7+ Qxf7 20.Qxd6 Ne4 21.Nxe4 dxe4
22.Ne5 Qf5 23.Ng6 Kf7 24.Nh4 Qc8 25.Qg6+ {#r} 1-0

[Event "It (open)"]
[Site "masterchessopen.com – Senden (Germany)"]
[Round "0"]
[White "Straeter Timo (GER)"]
[Black "Sax Gyula (HUN)"]
[Result "0-1"]
[WhiteElo "2340"]
[BlackElo "2525"]

1.d4 Nf6 2.Nf3 e6 3.e3 b6 4.c4 Bb7 5.Bd3 Ne4 6.O-O f5 7.Nbd2 Bd6 8.Ne5 Bxe5
9.dxe5 Nc5 10.Be2 Nc6 11.f4 Qe7 12.Bh5+ g6 13.Bf3 a5 14.Nb1 O-O-O 15.Nc3 g5
16.Nb5 g4 17.Be2 Ne4 18.a3 Rdg8 19.Bd3 g3 20.Bxe4 gxh2+ 21.Kxh2 Qh4+ 22.Kg1
fxe4 23.Rf2 Rg6 24.b3 Rhg8 25.Raa2 Rg3 {#R} 0-1

[Event "Ch Russia (seniors)"]
[Site "masterchessopen.com – Sochi (Russia)"]
[Round "6"]
[White "Shestoperov Aleksej (RUS)"]
[Black "Zhukhovitsky Samuel (RUS)"]
[Result "1-0"]
[WhiteElo "2415"]
[BlackElo "2380"]

1.d4 Nf6 2.c4 e6 3.Nf3 b6 4.e3 Bb7 5.Bd3 c5 6.Nc3 Be7 7.O-O cxd4 8.exd4 d5
9.cxd5 Nxd5 10.Ne5 O-O 11.Qg4 Nf6 12.Qg3 Nh5 13.Qh3 g6 14.Rd1 Nd7 15.Bh6 Ng7
16.Nxd7 Qxd7 17.d5 f5 18.Bc4 Rfd8 19.dxe6 Qc6 20.Bb3 {#r} 1-0

[Event "It (open)"]
[Site "masterchessopen.com – Ubeda (Spain)"]
[Round "9"]
[White "Gokhale Raghunandan V (IND)"]
[Black "Martinovsky Eugene (USA)"]
[Result "0-1"]
[WhiteElo "2076"]
[BlackElo "2365"]

1.d4 Nf6 2.c4 e6 3.Nf3 b6 4.e3 Bb7 5.Bd3 d5 6.cxd5 exd5 7.O-O Nbd7 8.Qa4 c6
9.Ne5 b5 10.Qc2 Nxe5 11.dxe5 Nd7 12.f4 c5 13.b3 Qb6 14.Kh1 c4 15.bxc4 dxc4
16.Be4 Nc5 17.Bxb7 Qxb7 18.Nc3 Rd8 19.e4 Rd3 20.Re1 Be7 21.Be3 Nxe4 22.Nxe4
Qxe4 23.Bc5 Qxf4 24.Bxe7 Kxe7 25.Rf1 Qd2 {#R} 0-1

[Event "It (open) (b)"]
[Site "masterchessopen.com – Vienna (Austria)"]
[Round "9"]
[White "Hubmann Guenter (AUT)"]
[Black "Bachmann Markus (SUI)"]
[Result "1-0"]
[WhiteElo "2104"]
[BlackElo "2036"]

1.d4 Nf6 2.c4 e6 3.Nf3 b6 4.e3 Bb7 5.Be2 d5 6.O-O Be7 7.Nc3 O-O 8.a3 c5 9.dxc5
bxc5 10.cxd5 exd5 11.Qc2 Nbd7 12.Rd1 a6 13.Rb1 Qc7 14.b3 Rac8 15.Bb2 Rfd8
16.Na2 Bd6 17.Qf5 d4 18.exd4 Be4 19.Qh3 Bxb1 20.Rxb1 cxd4 21.Nxd4 Ne5 22.Nb4
Bxb4 23.axb4 Qb6 24.Nf5 Ng6 25.Bxf6 gxf6 26.Qh6 {#r} 1-0

[Event "It (open) (b)"]
[Site "masterchessopen.com – Netherlands"]
[Date "1998.03.14"]
[Round "3"]
[White "Van Den Heuvel Sonja"]
[Black "Ibrahim Ashraf"]
[Result "1-0"]
[WhiteElo "1436"]
[BlackElo "1582"]

1.d4 Nf6 2.c4 e6 3.Nf3 b6 4.e3 Bb7 5.Bd3 Be7 6.Nc3 O-O 7.O-O d5 8.b3 Nbd7
9.Bb2 c5 10.cxd5 Nxd5 11.Nxd5 Bxd5 12.Rc1 cxd4 13.Bxd4 Ba3 14.Rc2 Qe7 15.Ne5
Nxe5 16.Bxe5 Qb7 17.Qg4 f6 18.Rc7 {#r} 1-0

[Event "It (open)"]
[Site "masterchessopen.com – Bad Woerishofen (Germany)"]
[Round "6"]
[White "Lerner Konstantin Z (UKR)"]
[Black "Enders Peter (GER)"]
[Result "1-0"]
[WhiteElo "2588"]
[BlackElo "2493"]

1.d4 Nf6 2.Nf3 b6 3.c4 e6 4.e3 Bb7 5.Bd3 c5 6.O-O Be7 7.Nc3 cxd4 8.exd4 d5
9.cxd5 Nxd5 10.Ne5 O-O 11.Qg4 Nf6 12.Qh4 Nc6 13.Bg5 g6 14.Ba6 h6 15.Bxh6 Nd5
16.Qh3 {#r} 1-0

[Event "Hessenliga 1998/99"]
[Site "masterchessopen.com – Germany"]
[Round "0"]
[White "Luechtemeier Peter (GER)"]
[Black "Eberhardt Olaf (GER)"]
[Result "1-0"]
[WhiteElo "2224"]
[BlackElo "2218"]

1.d4 Nf6 2.Nf3 e6 3.c4 b6 4.e3 Bb7 5.Bd3 Bb4+ 6.Nbd2 d5 7.Qa4+ Nc6 8.Ne5 Bxd2+
9.Bxd2 Qd6 10.c5 bxc5 11.Bb5 Nd7 12.Bxc6 Bxc6 13.Qxc6 Qxc6 14.Nxc6 cxd4
15.exd4 {#r} 1-0

[Event "It (open)"]
[Site "masterchessopen.com – Rakovnik (Czech Republic)"]
[Round "0"]
[White "Blazek Jaroslav (CZE)"]
[Black "Horyna Josef (CZE)"]
[Result "1-0"]
[WhiteElo "1776"]
[BlackElo "1888"]

1.Nf3 Nf6 2.e3 b6 3.c4 e6 4.d4 Bb4+ 5.Bd2 Bxd2+ 6.Nbxd2 Bb7 7.Bd3 d6 8.e4 Nc6
9.a3 a5 10.Qc2 h6 11.d5 Nb8 12.Nd4 e5 13.Qa4+ Qd7 14.Qxd7+ Kxd7 15.Nb5 Na6
16.Be2 Nc5 17.Nc3 Ke7 18.f3 Rhg8 19.Kf2 g6 20.b4 axb4 21.axb4 Rxa1 22.Rxa1 Ra8
23.Rxa8 Bxa8 24.bxc5 {#r} 1-0

[Event "VL1 1999/00"]
[Site "masterchessopen.com – Ruhrgebiet (Germany)"]
[Round "2"]
[White "Haberhausen Ansgar (GER)"]
[Black "Kock Wolfgang (GER)"]
[Result "1-0"]
[WhiteElo "2220"]
[BlackElo "2169"]

1.d4 Nf6 2.Nf3 b6 3.c4 e6 4.e3 Bb7 5.Bd3 Na6 6.Nc3 g6 7.O-O Bg7 8.a3 O-O 9.b4
c5 10.bxc5 bxc5 11.Rb1 Bxf3 12.Qxf3 Ne8 13.Nb5 cxd4 14.exd4 Nac7 15.Be3 Nxb5
16.Rxb5 Nd6 17.Rb3 f5 18.c5 Ne8 19.Qg3 Bf6 20.Rfb1 Bh4 21.Qh3 Bf6 22.Rb7 g5
23.g4 Rf7 24.gxf5 e5 25.dxe5 {#r} 1-0

[Event "Ch Slovakia (team) 1999/00 (2 liga) (b)"]
[Site "masterchessopen.com – Slovakia"]
[Round "0"]
[White "Rybansky Karol (SVK)"]
[Black "Lancz Ondrej (SVK)"]
[Result "0-1"]
[WhiteElo "1899"]
[BlackElo "2064"]

1.Nf3 Nf6 2.d4 e6 3.c4 b6 4.e3 Bb7 5.Bd3 d5 6.O-O Nbd7 7.Nbd2 Bd6 8.cxd5 exd5
9.b3 O-O 10.Bb2 Qe7 11.Qe2 a5 12.a4 Ne4 13.Rac1 f5 14.Bb5 Rf6 15.Bxd7 Qxd7
16.Ne5 Qe8 17.Ndf3 Ba6 18.Nd3 Qh5 19.h3 Ng5 20.Rfd1 Nxh3+ 21.gxh3 Qxh3 22.Ng5
Qh2+ 23.Kf1 Qh1# 0-1

[Event "It (open)"]
[Site "masterchessopen.com – Dos Hermanas (Spain)"]
[Round "3"]
[White "Damljanovic Branko (SRB)"]
[Black "Moreno Alberto (PER)"]
[Result "1-0"]
[WhiteElo "2559"]
[BlackElo "2185"]

1.d4 Nf6 2.c4 e6 3.Nf3 b6 4.e3 Bb7 5.Bd3 c5 6.O-O Nc6 7.Nc3 d5 8.cxd5 exd5
9.b3 Bd6 10.Nb5 Be7 11.dxc5 bxc5 12.Bb2 O-O 13.Rc1 Qb6 14.Nc3 Nd7 15.Nxd5 Qd8
16.Bf5 Bd6 17.Qd3 h6 18.Rfd1 Nde5 19.Nxe5 Nxe5 20.Qe2 g6 21.f4 Bxd5 22.Rxd5
Nc6 23.Rcd1 {#r} 1-0

[Event "Ch Hungary (team) 1999/00 (2 liga)"]
[Site "masterchessopen.com – Hungary"]
[Round "9"]
[White "Horvath Julia (HUN)"]
[Black "Diamant Tibor (HUN)"]
[Result "1-0"]
[WhiteElo "2308"]
[BlackElo "2136"]

1.d4 Nf6 2.c4 e6 3.Nf3 b6 4.e3 Bb7 5.Bd3 Be7 6.O-O O-O 7.Nc3 d6 8.e4 Nfd7
9.Qe2 c5 10.e5 cxd4 11.exd6 Bf6 12.Nb5 Na6 13.Nfxd4 Nac5 14.Be3 Nxd3 15.Qxd3
Nc5 16.Qd2 Ne4 17.Qb4 Be5 18.Rad1 Bxd6 19.Nxd6 Qxd6 20.Qxd6 Nxd6 21.Nxe6 Nxc4
22.Nxf8 Nxe3 23.fxe3 Rxf8 24.Rd7 {#r} 1-0

[Event "It (open)"]
[Site "masterchessopen.com – Madrid (Spain)"]
[Round "2"]
[White "Aburto Renobales Rafael (ESP)"]
[Black "Pascual Perdiguero Jose Maria (ESP)"]
[Result "0-1"]
[WhiteElo "1483"]
[BlackElo "1866"]

1.d4 e6 2.Nf3 Nf6 3.c4 b6 4.e3 Bb7 5.Nbd2 c5 6.b3 cxd4 7.Nxd4 e5 8.N4f3 Nc6
9.e4 Bc5 10.h3 b5 11.cxb5 Qb6 12.Qe2 Nd4 13.Nxd4 Bxd4 14.Rb1 O-O 15.f3 d5
16.a4 Rfc8 17.g4 Rc2 18.b4 Rac8 19.Kd1 dxe4 20.fxe4 Nxe4 21.Rh2 Nc3+ {#R} 0-1

[Event "It (open)"]
[Site "masterchessopen.com – Madrid (Spain)"]
[Round "4"]
[White "Hinojar Diez David (ESP)"]
[Black "Roa Alonso Santiago (ESP)"]
[Result "0-1"]
[WhiteElo "2125"]
[BlackElo "2358"]

1.Nf3 Nf6 2.d4 e6 3.c4 b6 4.e3 d5 5.a3 Be7 6.Nc3 O-O 7.cxd5 exd5 8.Bd3 c5
9.O-O Bb7 10.Re1 Nbd7 11.b3 Rc8 12.Bb2 Ne4 13.Nd2 f5 14.f3 cxd4 15.Nxd5 Bxd5
16.fxe4 Nc5 17.Bc4 Bxc4 18.Nxc4 dxe3 19.Qxd8 Rfxd8 20.Rxe3 Nd3 21.Re2 b5
22.Ne3 Bc5 23.Rb1 f4 {#R} 0-1

[Event "Ch Croatia (team) (1st league)"]
[Site "masterchessopen.com – Pula (Croatia)"]
[Round "7"]
[White "Feletar Darko (CRO)"]
[Black "Mandekic Ivan (CRO)"]
[Result "1-0"]
[WhiteElo "2435"]
[BlackElo "2251"]

1.d4 Nf6 2.Nf3 e6 3.c4 b6 4.e3 Bb7 5.Bd3 Be7 6.O-O O-O 7.Nc3 d5 8.b3 c5 9.Bb2
cxd4 10.exd4 Nc6 11.Re1 Rc8 12.Rc1 Re8 13.cxd5 Nxd5 14.Nxd5 Qxd5 15.Be4 Qh5
16.d5 exd5 17.Qxd5 Qh6 18.Qd7 Ba8 19.Bd5 Red8 20.Qf5 Bf6 21.Bxf7+ Kh8 22.Bxf6
Qxf6 23.Be6 Rc7 24.Ng5 {#r} 1-0

[Event "Ch Georgia (1 Liga)"]
[Site "masterchessopen.com – Tbilisi (Georgia)"]
[Round "7"]
[White "Jobava Beglar (GEO)"]
[Black "Nikoladze Sopio (GEO)"]
[Result "1-0"]
[WhiteElo "2255"]
[BlackElo "2244"]

1.d4 Nf6 2.c4 e6 3.Nf3 b6 4.e3 Bb4+ 5.Nbd2 Bb7 6.Bd3 O-O 7.O-O d5 8.cxd5 exd5
9.a3 Bd6 10.b4 Nbd7 11.Bb2 Re8 12.Qc2 Ne4 13.Rfe1 Re6 14.Rac1 Qf6 15.Bxe4 dxe4
16.d5 Qh6 17.dxe6 exf3 18.exf7+ Kh8 19.Nxf3 Bxf3 20.gxf3 Bxh2+ 21.Kf1 Qh3+
{#r} 1-0

[Event "Ch Berlin"]
[Site "masterchessopen.com – Berlin (Germany)"]
[Round "2"]
[White "Zschaebitz Klaus (GER)"]
[Black "Richter Michael (GER)"]
[Result "1-0"]
[WhiteElo "2187"]
[BlackElo "2353"]

1.d4 Nf6 2.Nf3 e6 3.c4 b6 4.e3 Bb7 5.Bd3 d5 6.O-O Bd6 7.Nc3 O-O 8.b3 Nbd7
9.Bb2 dxc4 10.Bxc4 a6 11.Qe2 b5 12.Bd3 c5 13.e4 cxd4 14.Nxd4 Bxh2+ 15.Kxh2 Ne5
16.f4 Neg4+ 17.Kg3 Qxd4 18.Nd5 Qa7 19.Ne7+ Kh8 20.e5 Ng8 21.Nxg8 Ne3 22.Rh1
Nf5+ 23.Bxf5 exf5 24.Ne7 {#r} 1-0

[Event "It (open)"]
[Site "masterchessopen.com – Brasilia (Brazil)"]
[Round "2"]
[White "Hoffman Alejandro (ARG)"]
[Black "Silva Carlos (NCA)"]
[Result "1-0"]
[WhiteElo "2506"]
[BlackElo "2100"]

1.d4 Nf6 2.Nf3 e6 3.c4 b6 4.e3 Bb7 5.Bd3 Be7 6.O-O O-O 7.b3 c5 8.Bb2 cxd4
9.exd4 d5 10.Qe2 Nc6 11.Nbd2 Nb4 12.Bb1 Rc8 13.Ne5 dxc4 14.bxc4 b5 15.c5 Qd5
16.Ndf3 Nc6 17.Rd1 Rfd8 18.Bc2 a6 19.Nxf7 Kxf7 20.Bb3 Qf5 21.Bxe6+ {#r} 1-0

[Event "It (open)"]
[Site "masterchessopen.com – Ditzingen (Germany)"]
[Round "6"]
[White "Nagelsdiek Michael (GER)"]
[Black "Gombos Janos (HUN)"]
[Result "1-0"]
[WhiteElo "2150"]
[BlackElo "2027"]

1.d4 Nf6 2.Nf3 e6 3.c4 b6 4.e3 Bb7 5.Be2 d5 6.O-O Bd6 7.Nc3 O-O 8.Ne5 dxc4
9.Nxc4 Be7 10.Bf3 Bxf3 11.Qxf3 Na6 12.Rd1 Nd5 13.Ne5 Bf6 14.Ng4 Nab4 15.a3
Nxc3 16.bxc3 Na6 17.Nxf6+ gxf6 18.e4 Kh8 19.Qh5 Qe7 20.Rd3 Rg8 21.Rh3 Rg7
22.Bh6 Rg6 23.Bf8 {#r} 1-0

[Event "Ch Germany (seniors)"]
[Site "masterchessopen.com – Dresden (Germany)"]
[Round "2"]
[White "Schmidt Gerhard (GER)"]
[Black "Uhlemann Walter (GER)"]
[Result "1-0"]
[WhiteElo "2064"]
[BlackElo "1928"]

1.d4 Nf6 2.Nf3 e6 3.c4 b6 4.e3 Bb7 5.Bd3 c5 6.Nc3 Nc6 7.d5 Nb4 8.e4 Nxd3+
9.Qxd3 d6 10.dxe6 fxe6 11.O-O Be7 12.Bg5 O-O 13.Rae1 a6 14.Bh4 h6 15.Bg3 e5
16.Nh4 Kh7 17.Nf5 Ne8 18.f4 g6 19.Nxe7 Qxe7 20.fxe5 Rxf1+ 21.Kxf1 {#r} 1-0

[Event "Ch Hungary (team) 2000/01"]
[Site "masterchessopen.com – Hungary"]
[Round "9"]
[White "Lukacs Peter (HUN)"]
[Black "Lengyel Levente (HUN)"]
[Result "1-0"]
[WhiteElo "2444"]
[BlackElo "2310"]

1.d4 Nf6 2.c4 e6 3.Nf3 b6 4.e3 Bb7 5.Bd3 c5 6.O-O Be7 7.Nc3 cxd4 8.exd4 d5
9.cxd5 Nxd5 10.Ne5 O-O 11.Qg4 Nxc3 12.bxc3 Bf6 13.Re1 g6 14.Ba3 Be7 15.Bxg6
hxg6 16.Nxg6 {#r} 1-0

[Event "It (open) \"]
[Site "masterchessopen.com – Jyvaskyla (Finland)"]
[Round "9"]
[White "Solozhenkin Evgeniy (RUS)"]
[Black "Agopov Mikael (FIN)"]
[Result "1-0"]
[WhiteElo "2495"]
[BlackElo "2376"]

1.d4 Nf6 2.c4 e6 3.Nf3 b6 4.e3 Bb7 5.Bd3 d5 6.O-O Be7 7.cxd5 exd5 8.Nc3 O-O
9.b3 Nbd7 10.Bb2 c5 11.Rc1 Rc8 12.Qe2 Qc7 13.Nb5 Qb8 14.Ne5 a6 15.Bf5 Bc6
16.Nxc6 Rxc6 17.Nc3 Qb7 18.Bxd7 Qxd7 19.Qxa6 cxd4 20.exd4 Qf5 21.Ne2 Re6
22.Ng3 Qf4 23.Rce1 Ne4 24.Bc1 Qh4 25.Nf5 {#r} 1-0

[Event "Ch Norway (open)"]
[Site "masterchessopen.com – Oslo (Norway)"]
[Round "6"]
[White "Bue Gunnar (NOR)"]
[Black "Sollid Stein (NOR)"]
[Result "0-1"]
[WhiteElo "1772"]
[BlackElo "2018"]

1.d4 Nf6 2.c4 e6 3.Nf3 b6 4.e3 Bb7 5.Bd3 Be7 6.O-O O-O 7.b3 d5 8.Bb2 Nbd7
9.Nc3 c5 10.Qe2 cxd4 11.exd4 Rc8 12.Rac1 Re8 13.Ne5 Nf8 14.Rfe1 dxc4 15.Bxc4
Nd5 16.g3 Bb4 17.Qd2 f6 18.Nd3 Bxc3 19.Bxc3 Nxc3 20.Rxc3 b5 21.Bxe6+ Nxe6
22.Rxc8 Qxc8 {#R} 0-1

[Event "Ch Slovakia (team) 2001/02 (1 liga) West"]
[Site "masterchessopen.com – Slovakia"]
[Round "2"]
[White "Certek Pavel (SVK)"]
[Black "Kisonova Katarina (SVK)"]
[Result "1-0"]
[WhiteElo "2293"]
[BlackElo "2100"]

1.d4 Nf6 2.c4 e6 3.Nf3 b6 4.e3 Bb7 5.Bd3 Ne4 6.O-O d6 7.Nbd2 Nxd2 8.Nxd2 f5
9.e4 fxe4 10.Nxe4 e5 11.Ng5 g6 12.f4 exd4 13.f5 h6 14.f6 hxg5 15.Bxg6+ {#r}
1-0

[Event "It (open)"]
[Site "masterchessopen.com – Zurich (Switzerland)"]
[Round "2"]
[White "Horn Peter (GER)"]
[Black "Pikula Dejan (SRB)"]
[Result "0-1"]
[WhiteElo "2220"]
[BlackElo "2450"]

1.d4 Nf6 2.c4 e6 3.Nf3 b6 4.e3 Bb7 5.Bd3 Be7 6.O-O O-O 7.Nc3 d5 8.b3 Nbd7
9.Bb2 c5 10.Qe2 dxc4 11.bxc4 a6 12.Rfd1 Qc7 13.Rac1 Bd6 14.d5 Rfe8 15.Bb1 exd5
16.Nxd5 Bxd5 17.cxd5 b5 18.Rd4 Ne5 19.Rh4 h6 20.Rd1 Rad8 21.e4 c4 22.Bc1 Ng6
23.Rh3 Bf4 {#R} 0-1

[Event "Landesliga Berlin 2000/01"]
[Site "masterchessopen.com – Germany"]
[Date "2001.01.21"]
[Round "5"]
[White "Schulz Hartmut (GER)"]
[Black "Gebigke Martin (GER)"]
[Result "1-0"]
[WhiteElo "2090"]
[BlackElo "2169"]

1.Nf3 Nf6 2.d4 e6 3.c4 b6 4.e3 Bb7 5.Bd3 Be7 6.O-O c5 7.Nc3 O-O 8.b3 cxd4
9.exd4 d5 10.Bb2 Nc6 11.Re1 Rc8 12.Rc1 Nb4 13.Bf1 dxc4 14.bxc4 Bxf3 15.Qxf3
Qxd4 16.Nd5 Qc5 17.Bd4 Qd6 18.Nxf6+ Bxf6 19.Bxf6 gxf6 20.Qxf6 Qd8 21.Qh6 Rc5
22.Rc3 Rg5 23.Re4 Rg6 24.Rg3 Qd1 25.Rh4 {#r} 1-0

[Event "Ch Ukraine (team)"]
[Site "masterchessopen.com – Alushta (Ukraine)"]
[Round "8"]
[White "Shalimov Valery (UKR)"]
[Black "Fiodorov Mikhail (UKR)"]
[Result "1-0"]
[WhiteElo "2452"]
[BlackElo "2216"]

1.d4 Nf6 2.Nf3 e6 3.c4 b6 4.e3 Bb7 5.Bd3 c5 6.O-O Be7 7.Nc3 h6 8.b3 cxd4
9.exd4 d5 10.Bb2 Nc6 11.Qe2 O-O 12.Rad1 Rc8 13.cxd5 Nxd5 14.Nxd5 Qxd5 15.Bc4
Qf5 16.d5 Na5 17.Nd4 Qg6 18.Bd3 Qg5 19.Qe4 g6 20.Nxe6 fxe6 21.Qxe6+ Kh7
22.Rfe1 Bc5 23.Qd7+ {#r} 1-0

[Event "It (open) (c)"]
[Site "masterchessopen.com – Aragon (Spain)"]
[Round "7"]
[White "Gil Capape Javier (AUS)"]
[Black "Adla Diego (ARG)"]
[Result "1-0"]
[WhiteElo "2434"]
[BlackElo "2497"]

1.d4 Nf6 2.Nf3 e6 3.c4 b6 4.e3 Bb7 5.Bd3 Be7 6.O-O c5 7.Qe2 O-O 8.dxc5 Bxc5
9.e4 d5 10.cxd5 exd5 11.e5 Ne4 12.Nc3 Nxc3 13.bxc3 Be7 14.Nd4 Nd7 15.Bh6 Re8
16.Bxg7 Kxg7 17.Qh5 Rh8 18.e6 Ne5 19.Qxe5+ Bf6 20.Nf5+ Kf8 21.e7+ Qxe7 22.Qf4
Bg5 23.Qg3 Qd8 24.Rfe1 h5 25.Re7 {#r} 1-0

[Event "Ch Germany (seniors) (team)"]
[Site "masterchessopen.com – Bad Segeberg (Germany)"]
[Round "1"]
[White "Krischer Ulrich (GER)"]
[Black "Nietsch Horst (GER)"]
[Result "1-0"]
[WhiteElo "1893"]
[BlackElo "2094"]

1.d4 Nf6 2.Nf3 b6 3.e3 e6 4.c4 Bb7 5.Nc3 Be7 6.Be2 d5 7.O-O O-O 8.Bd2 Nbd7
9.Rc1 Ne4 10.Nxe4 dxe4 11.Ne1 c5 12.Nc2 Qc7 13.b4 Bd6 14.g3 Rad8 15.Qe1 Rc8
16.bxc5 bxc5 17.dxc5 Nxc5 18.Ba5 Qe7 19.Qd1 Be5 20.Nd4 Ba8 21.Qd2 Qg5 22.Rfd1
Qg6 23.Nb3 Nb7 24.Bc3 Bb8 25.Qb2 h5 {#r} 1-0

[Event "It (cat.9)"]
[Site "masterchessopen.com – Budapest (Hungary)"]
[Round "9"]
[White "Gonda Laszlo (HUN)"]
[Black "Horvath Csaba (HUN)"]
[Result "0-1"]
[WhiteElo "2317"]
[BlackElo "2506"]

1.d4 Nf6 2.Nf3 e6 3.c4 b6 4.e3 Bb7 5.Bd3 c5 6.O-O g6 7.Nc3 Bg7 8.d5 exd5
9.cxd5 Nxd5 10.Nb5 O-O 11.Nd6 Bc6 12.e4 Nf6 13.Ng5 b5 14.Bxb5 Bxb5 15.Nxb5 Nc6
16.Bf4 Qb6 17.Nd6 Nd4 18.Nc4 Qa6 {#R} 0-1

[Event "Ch France (juniors) (under 20)"]
[Site "masterchessopen.com – Hyeres (France)"]
[Round "3"]
[White "Deleva Mickael (FRA)"]
[Black "Flament Frederic (FRA)"]
[Result "1-0"]
[WhiteElo "2172"]
[BlackElo "2069"]

1.d4 Nf6 2.c4 e6 3.Nf3 b6 4.e3 Bb7 5.Bd3 d5 6.Nbd2 Be7 7.O-O O-O 8.Qe2 c5 9.b3
Ne4 10.Bb2 Bf6 11.Ne5 Nxd2 12.Qxd2 dxc4 13.Nxc4 cxd4 14.Rad1 dxe3 15.Bxh7+ Kh8
16.Qxe3 Qe7 17.Ba3 Qe8 18.Qh3 Bxg2 19.Kxg2 {#r} 1-0

[Event "It (open)"]
[Site "masterchessopen.com – Leuven (Belgium)"]
[Round "1"]
[White "Janssen Ruud (NED)"]
[Black "Becker Martin (GER)"]
[Result "1-0"]
[WhiteElo "2470"]
[BlackElo "2187"]

1.d4 Nf6 2.c4 e6 3.Nf3 b6 4.e3 Bb7 5.Bd3 c5 6.O-O Be7 7.Nc3 d5 8.cxd5 Nxd5
9.Bb5+ Bc6 10.Bxc6+ Nxc6 11.Qa4 Qd7 12.Nxd5 Qxd5 13.dxc5 Qxc5 14.Nd4 Rc8
15.Bd2 Qd5 16.Rac1 Bc5 17.Nxc6 Qxc6 18.Qxc6+ Rxc6 19.b4 Rd6 20.Bc3 {#r} 1-0

[Event "Ch Philippines"]
[Site "masterchessopen.com – Makati City (Philippines)"]
[Round "7"]
[White "Villamayor Buenaventura (PHI)"]
[Black "Merelos Melvin (PHI)"]
[Result "1-0"]
[WhiteElo "2487"]
[BlackElo "2141"]

1.d4 Nf6 2.Nf3 b6 3.c4 e6 4.e3 Ba6 5.Nc3 c6 6.e4 d5 7.e5 Ne4 8.Qb3 Be7 9.Bd3
Nxc3 10.bxc3 O-O 11.O-O c5 12.Qc2 cxd4 13.Bxh7+ Kh8 14.Nxd4 Qc8 15.Re1 Qxc4
16.Bd2 f5 17.Bg6 {#r} 1-0

[Event "It (open)"]
[Site "masterchessopen.com – Nova Gorica (Slovenia)"]
[Round "8"]
[White "Barle Janez (SLO)"]
[Black "Loviscek Matjaz (SLO)"]
[Result "1-0"]
[WhiteElo "2349"]
[BlackElo "2024"]

1.Nf3 Nf6 2.c4 b6 3.d4 e6 4.e3 Bb7 5.Bd3 c5 6.Nc3 Be7 7.O-O d5 8.cxd5 exd5
9.Bb5+ Bc6 10.Qa4 Qc7 11.Ne5 Bxb5 12.Nxb5 Qd8 13.Nd6+ Kf8 14.Ndxf7 Qe8
15.Qxe8+ Nxe8 16.Nxh8 Nd6 17.Nhg6+ {#r} 1-0

[Event "It (cat.8)"]
[Site "masterchessopen.com – Novi Sad (Yugoslavia)"]
[Round "4"]
[White "Deglmann Ludwig (GER)"]
[Black "Gavrilov Alexei (RUS)"]
[Result "0-1"]
[WhiteElo "2264"]
[BlackElo "2464"]

1.d4 e6 2.Nf3 Nf6 3.c4 b6 4.e3 Bb7 5.Bd3 d5 6.O-O dxc4 7.Bxc4 Nbd7 8.Qe2 a6
9.Rd1 c5 10.Bb3 Bd6 11.Ne5 Qc7 12.f4 O-O 13.Nd2 b5 14.a4 cxd4 15.exd4 bxa4
16.Bc4 Nb6 17.Bd3 a3 18.Ndf3 Nbd5 19.Qf2 axb2 20.Bxb2 Nxf4 21.Bb1 Rfd8 22.Rf1
Qb6 23.Nc4 Qb5 24.Nfd2 Qg5 {#R} 0-1

[Event "It (open)"]
[Site "masterchessopen.com – Velika Gorica (Croatia)"]
[Round "5"]
[White "Teofilovic Vjeran (CRO)"]
[Black "Nikolac Juraj (CRO)"]
[Result "0-1"]
[WhiteElo "2242"]
[BlackElo "2418"]

1.d4 Nf6 2.c4 e6 3.Nf3 b6 4.e3 Bb7 5.Bd3 Be7 6.O-O O-O 7.Nc3 d5 8.b3 c5 9.Bb2
cxd4 10.exd4 Nc6 11.Rc1 Nb4 12.Bb1 dxc4 13.bxc4 Bxf3 14.gxf3 Bd6 15.Qe2 Nh5
16.Qe4 f5 17.Qxe6+ Kh8 18.Bxf5 Qg5+ 19.Bg4 Qf4 {#R} 0-1

[Event "It (open) \"]
[Site "masterchessopen.com – Berlin (Germany)"]
[Date "2002.05.08"]
[Round "1"]
[White "Nguyen Luu Truong (GER)"]
[Black "Krawczyk Harald"]
[Result "1-0"]
[WhiteElo "2108"]
[BlackElo "1523"]

1.d4 Nf6 2.Nf3 e6 3.c4 b6 4.e3 Bb4+ 5.Bd2 Bxd2+ 6.Nbxd2 Bb7 7.Bd3 Nc6 8.O-O d6
9.Re1 O-O 10.e4 Ne7 11.Qc2 Ng6 12.e5 Ne8 13.Re3 d5 14.cxd5 Bxd5 15.h4 f5
16.exf6 Rxf6 17.Ng5 Nd6 18.Nde4 Nxe4 19.Bxe4 Qd7 20.h5 Raf8 21.hxg6 Rxf2
22.gxh7+ Kh8 23.Qd3 Qc6 24.Bf3 Rxb2 25.Qa3 {#r} 1-0